सिलसिला : (Record no. 113453)
[ view plain ]
| 000 -LEADER | |
|---|---|
| fixed length control field | 01128nam a22002777a 4500 |
| 003 - CONTROL NUMBER IDENTIFIER | |
| control field | dpl |
| 005 - DATE AND TIME OF LATEST TRANSACTION | |
| control field | 20180911124235.0 |
| 008 - FIXED-LENGTH DATA ELEMENTS--GENERAL INFORMATION | |
| fixed length control field | 180911b xxu||||| |||| 00| 0 eng d |
| 010 ## - LIBRARY OF CONGRESS CONTROL NUMBER | |
| LC control number | A-651983 |
| 020 ## - INTERNATIONAL STANDARD BOOK NUMBER | |
| Terms of availability | 45.00 |
| 035 ## - SYSTEM CONTROL NUMBER | |
| System control number | A-651983, A-652003 |
| 037 ## - SOURCE OF ACQUISITION | |
| Source of stock number/acquisition | Cen Lib/Ret |
| 040 ## - CATALOGING SOURCE | |
| Original cataloging agency | DPL |
| Language of cataloging | HN |
| Transcribing agency | 0 |
| 082 ## - DEWEY DECIMAL CLASSIFICATION NUMBER | |
| Classification number | क |
| Item number | महला |
| 100 ## - MAIN ENTRY--PERSONAL NAME | |
| Personal name | मह्ल्लन, महेंद्रसिंह |
| 9 (RLIN) | 42819 |
| 245 ## - TITLE STATEMENT | |
| Title | सिलसिला : |
| Statement of responsibility, etc | महेंद्रसिंह महलान |
| Remainder of title | लघुकथा संग्रह / |
| 246 ## - VARYING FORM OF TITLE | |
| Title proper/short title | Silsila : laghu katha sangrah / |
| Remainder of title | by Mahendrasingh Mahlaaan |
| 260 ## - PUBLICATION, DISTRIBUTION, ETC. (IMPRINT) | |
| Place of publication, distribution, etc | दिल्ली |
| Name of publisher, distributor, etc | प्रेम प्रकाशन मंदिर |
| Date of publication, distribution, etc | 1993 |
| 270 ## - ADDRESS | |
| City | दिल्ली |
| Address | 3012, बल्लीमारान |
| Postal code | 110006 |
| 300 ## - PHYSICAL DESCRIPTION | |
| Extent | 111पृ. |
| Dimensions | 16सेमी(सजिल्द ) |
| 650 ## - SUBJECT ADDED ENTRY--TOPICAL TERM | |
| Topical term or geographic name as entry element | हिंदी साहित्य |
| General subdivision | |
| Geographic subdivision | |
| 9 (RLIN) | 52300 |
| 650 ## - SUBJECT ADDED ENTRY--TOPICAL TERM | |
| Topical term or geographic name as entry element | हिंदी कहानियां |
| 9 (RLIN) | 2082 |
| 650 ## - SUBJECT ADDED ENTRY--TOPICAL TERM | |
| Topical term or geographic name as entry element | Hindi literature |
| Form subdivision | |
| 9 (RLIN) | 52301 |
| 650 ## - SUBJECT ADDED ENTRY--TOPICAL TERM | |
| Topical term or geographic name as entry element | Hindi stories |
| 9 (RLIN) | 52302 |
| 942 ## - ADDED ENTRY ELEMENTS (KOHA) | |
| Source of classification or shelving scheme | Dewey Decimal Classification |
| Koha item type | Hindi Books |
| Classification part | क |
| Call number suffix | महला |
| Withdrawn status | Lost status | Damaged status | Not for loan | Home library | Current library | Date acquired | Source of acquisition | Cost, normal purchase price | Total Checkouts | Full call number | Barcode | Date last seen | Copy number | Cost, replacement price | Price effective from | Koha item type | Public note | Source of classification or shelving scheme | Collection code |
|---|---|---|---|---|---|---|---|---|---|---|---|---|---|---|---|---|---|---|---|
| Written off | Central Library | Central Library | 12/08/2015 | Cen Lib/Ret | 45.00 | क महला | A-651983 | 12/08/2015 | 1 | 45.00 | 12/08/2015 | Hindi Books | Written off on approval by DLB (By Circulation); dtd 20.12.2022 | ||||||
| Shahdara Branch | Shahdara Branch | 11/09/2018 | BPPD/PUB | 45.00 | क महला | A-652003 | 11/09/2018 | 45.00 | 11/09/2018 | Hindi Books | Dewey Decimal Classification | Fiction |
